Guess the Balkan City by it's Photo - Statistics

General Stats
  • This quiz has been taken 35 times
  • The average score is 8 of 20
Answer Stats
Picture Answer % Correct
Split
82%
Athens
77%
Belgrade
75%
Dubrovnik
67%
Mostar
60%
Zagreb
58%
Skopje
57%
Ljubljana
55%
Istanbul
50%
Plovdiv
50%
Sarajevo
47%
Thessaloniki
44%
Tirana
44%
Sofia
43%
Pristina
42%
Burgas
39%
Podgorica
32%
Edirne
27%
Nis
27%
Banja Luka
25%
Varna
24%
Veliko Tarnovo
24%
Constanta
20%
Ohrid
19%
Budva
16%
Rijeka
12%
Kavala
11%
Heraklion
6%
Trieste
6%
Patras
0%
No matching quizzes found
Score Distribution
Percent of People with Each Score
Percentile by Number Answered
Your Score History
You have not taken this quiz